Igualdad de trato entre particulares (Registro nro. 17720)
[ vista simple ]
| 000 -LEADER | |
|---|---|
| fixed length control field | 00309 a2200109 4500 |
| 001 - CONTROL NUMBER | |
| control field | ART_49980 |
| 005 - DATE AND TIME OF LATEST TRANSACTION | |
| control field | 20260410161729.0 |
| 008 - FIXED-LENGTH DATA ELEMENTS--GENERAL INFORMATION | |
| fixed length control field | 260409a |
| 100 1# - MAIN ENTRY--PERSONAL NAME | |
| Personal name | Saba, Roberto |
| 245 10 - TITLE STATEMENT | |
| Title | Igualdad de trato entre particulares |
| 773 0# - HOST ITEM ENTRY | |
| Title | Lecciones y ensayos |
| Related parts | - Nº 89 (ene. 2011) |
| Record control number | REV2658 |
No hay ítems disponibles.